Acta mathematica ...

Bibliographic Details
Previous Title:Acta mathematica et informatica ...
Format: Serial
Language:Slovak
English
Czech
PhysicalDescription:zv. 24-26 cm
Published: Nitra Fakulta prírodných vied UKF
ISBN:8080505624 (brož. : 5/2002)
8080506663 (brož. : 6/2003)
8080507554 (brož. : 7/2004)
8080508968 (brož. : 8/2005)
8080940363 (brož. : 9/2006)
9788080941819 (brož. : 10/2007)
9788080943967 (brož. : 11/2008)
9788080946142 (brož. : 12/2009)
9788080947811 (brož. : 13/2010/zv. 1)
9788080947736 (brož. : 13/2010/zv. 2)
9788080949587 (brož. : 14/2011)
9788055801353 (brož. : 15/2012)
9788055803654 (brož. : 16/2013)
9788055806136 (brož. : 17/2014)
8080500134 (r. 1995)
8080502021 (r. 1998)
Series:Prírodovedec
Subjects:

MARC

LEADER 00000cas a2200000 a 4500
001 vtls001472184
003 SK-MaSNL
005 20260228161233.0
008 040330c19959999xo ar| 1 0b0slo
015 |a SNBA1996/1203462 (r. 1995)  |a SNBA2000/02-00442 (r. 1998)  |a SNBB2005/02-00612 (5/2002)  |a SNBB2007/03-01177 (6/2003)  |a SNBB2007/03-01178 (7/2004)  |a SNBB2007/03-01179 (8/2005)  |a SNBB2007/03-01180 (9/2006)  |a SNBB2009/03-01034 (10/2007)  |a SNBB2009/03-01035 (11/2008)  |a SNBB2010/02-01365 (12/2009)  |a SNBB2011/01-00334 (13/2010/1)  |a SNBB2011/01-00335 (13/2010/2)  |a SNBB2012/04-01226 (14/2011)  |a SNBB2014-(15/2012)  |a SNBB2015-(16/2013, 17/2014) 
020 |a 8080505624 (brož. : 5/2002) 
020 |a 8080506663 (brož. : 6/2003) 
020 |a 8080507554 (brož. : 7/2004) 
020 |a 8080508968 (brož. : 8/2005) 
020 |a 8080940363 (brož. : 9/2006) 
020 |a 9788080941819 (brož. : 10/2007) 
020 |a 9788080943967 (brož. : 11/2008) 
020 |a 9788080946142 (brož. : 12/2009) 
020 |a 9788080947811 (brož. : 13/2010/zv. 1) 
020 |a 9788080947736 (brož. : 13/2010/zv. 2) 
020 |a 9788080949587 (brož. : 14/2011) 
020 |a 9788055801353 (brož. : 15/2012) 
020 |a 9788055803654 (brož. : 16/2013) 
020 |a 9788055806136 (brož. : 17/2014) 
020 |a 8080500134 (r. 1995) 
020 |a 8080502021 (r. 1998) 
035 |a SNK000427486 
040 |a SNK  |b slo  |c SNK  |e AACR2 
041 0 |a slo  |a eng  |a cze  |b eng 
044 |a xo  |c SK 
072 7 |a 51  |x Matematika  |2 konspekt 
080 |a (082)  |2 2001 
080 |a 51  |2 2001 
245 0 0 |a Acta mathematica ... 
260 |a Nitra  |b Fakulta prírodných vied UKF 
300 |a zv.  |c 24-26 cm 
310 |a 1x ročne  |b 2002- 
321 |a Nepravidelne  |b 1995-2000 
362 0 |a 2 (1995)- 
490 1 |a Prírodovedec 
500 |a Každé vydanie v edícii je samostatne číslované 
500 |a Od r. 2003 sa každoročne uvádza v podnázve: zborník z ... Nitrianskej matematickej konferencie ... 
500 |a V r. 2008 výška formátu 25 cm 
500 |a Od roku 2009 začína s výškou 26 cm 
504 |a Bibliogr. odkazy 
546 |a Čiast. text aj slov., angl., čes. ; abstrakty v angličtine 
611 2 7 |a Nitrianska matematická konferencia  |2 SNKKA  |9 268260 
650 0 7 |a matematika  |2 SNKPH  |9 70174 
650 0 7 |a Mathematics  |2 SNKPHeng  |9 265620 
655 7 |a zborníky  |2 SNKPH  |9 70165 
655 7 |a Papers of several authors  |2 SNKPHeng  |9 153738 
780 0 0 |t Acta mathematica et informatica ...  |w vtls001072241 
830 0 |a Prírodovedec  |9 266401 
910 |a snk 
916 |a 1995, 1998, 2000, 2002-2014 
919 |a 80-8050-562-4 
919 |a 80-8050-666-3 
919 |a 80-8050-755-4 
919 |a 80-8050-896-8 
919 |a 80-8094-036-3 
919 |a 978-80-8094-181-9 
919 |a 978-80-8094-396-7 
919 |a 978-80-8094-614-2 
919 |a 978-80-8094-781-1 
919 |a 978-80-8094-773-6 
919 |a 978-80-8094-958-7 
919 |a 978-80-558-0135-3 
919 |a 978-80-558-0365-4 
919 |a 978-80-558-0613-6 
919 |a 80-8050-013-4 
919 |a 80-8050-202-1 
958 |a NB 
958 |a ANL 
999 |c 4763  |d 6693 
952 |0 0  |1 0  |4 0  |7 0  |8 0  |a SNK  |b SNK  |d 1999-12-01  |f 1  |i snkKSP 11866/99  |l 0  |o snkČSC 3143/3/1998  |p 17A0219612  |r 2005-01-02 00:00:00  |w 2026-02-21  |y PREZ 
952 |0 0  |1 0  |4 0  |7 0  |8 0  |a SNK  |b SNK  |d 2009-07-01  |f 1  |i snk2009/12148  |l 0  |o snkČSC 3143/10/2007  |p 17A0609529  |r 2026-02-21 19:31:04  |w 2026-02-21  |y PREZ 
952 |0 0  |1 0  |4 0  |7 0  |8 0  |a SNK  |b SNK  |d 2009-07-01  |i snk2009/12149  |l 0  |o snkČSC 3143/10/2007 D1  |p 17A0609530  |r 2026-02-21 19:31:04  |w 2026-02-21  |y PREZ 
952 |0 0  |1 0  |4 0  |7 0  |8 0  |a SNK  |b SNK  |d 2010-06-15  |f 1  |i snk2010/13181  |l 0  |o snkČSC 3143/12/2009  |p 17A0661061  |r 2026-02-21 19:32:34  |w 2026-02-21  |y PREZ 
952 |0 0  |1 0  |4 0  |7 0  |8 0  |a SNK  |b SNK  |d 2010-06-15  |i snk2010/13182  |l 0  |o snkČSC 3143/12/2009 D1  |p 17A0661062  |r 2026-02-21 19:32:34  |w 2026-02-21  |y PREZ 
952 |0 0  |1 0  |4 0  |7 0  |a SNK  |b SNK  |d 2004-03-30  |f 1  |i snkPV 317/2004  |l 0  |o snkČSC 3143/5/2002  |p 17A0367522  |r 2005-01-02 00:00:00  |w 2026-02-21  |y PREZ 
952 |0 0  |1 0  |4 0  |7 0  |a SNK  |b SNK  |d 2004-03-30  |i snkPV 318/2004  |l 0  |o snkČSC 3143/5/2002 D1  |p 17A0367523  |r 2005-01-02 00:00:00  |w 2026-02-21  |y PREZ 
952 |0 0  |1 0  |4 0  |7 0  |a SNK  |b SNK  |d 2004-09-13  |f 1  |i snkPV 1212/2004  |l 0  |o snkČSC 3143/6/2003  |p 17A0431561  |r 2005-01-02 00:00:00  |w 2026-02-21  |y PREZ 
952 |0 0  |1 0  |4 0  |7 0  |a SNK  |b SNK  |d 2004-09-13  |i snkPV 1211/2004  |l 0  |o snkČSC 3143/6/2003 D1  |p 17A0431560  |r 2005-01-02 00:00:00  |w 2026-02-21  |y PREZ 
952 |0 0  |1 0  |4 0  |7 0  |8 0  |a SNK  |b SNK  |d 2006-04-25  |f 1  |i snk2006/8444  |l 0  |o snkČSC 3143/8/2005  |p 17A0502071  |r 2026-02-21 19:52:02  |w 2026-02-21  |y PREZ 
952 |0 0  |1 0  |4 0  |7 0  |8 0  |a SNK  |b SNK  |d 2006-04-25  |i snk2006/8445  |l 0  |o snkČSC 3143/8/2005 D1  |p 17A0502072  |r 2026-02-21 19:52:02  |w 2026-02-21  |y PREZ 
952 |0 0  |1 0  |4 0  |7 0  |a SNK  |b SNK  |d 2001-06-13  |i snkKSP 7269/2001  |l 0  |o snkČSC 3143/4/2000 D1  |p 17A0303910  |r 2005-01-02 00:00:00  |w 2026-02-21  |y PREZ 
952 |0 0  |1 0  |4 0  |7 0  |8 0  |a SNK  |b SNK  |d 2007-04-03  |f 1  |i snk2007/9232  |l 0  |o snkČSC 3143/9/2006  |p 17A0534799  |r 2026-02-21 20:27:48  |w 2026-02-21  |y PREZ 
952 |0 0  |1 0  |4 0  |7 0  |8 0  |a SNK  |b SNK  |d 2007-04-03  |i snk2007/9233  |l 0  |o snkČSC 3143/9/2006 D1  |p 17A0534800  |r 2026-02-21 20:27:48  |w 2026-02-21  |y PREZ 
952 |0 0  |1 0  |4 0  |7 0  |8 0  |a SNK  |b SNK  |d 2012-09-27  |f 1  |i snk2012/19076  |l 0  |o snkČSC 3143/14/2011  |p 17A0866371  |r 2026-02-21 20:40:58  |w 2026-02-21  |y PREZ 
952 |0 0  |1 0  |4 0  |7 0  |8 0  |a SNK  |b SNK  |d 2012-09-27  |i snk2012/19077  |l 0  |o snkČSC 3143/14/2011 D1  |p 17A0866372  |r 2026-02-21 20:40:58  |w 2026-02-21  |y PREZ 
952 |0 0  |1 0  |4 0  |7 0  |8 0  |a SNK  |b SNK  |d 2015-01-19  |f 1  |i snk2015/1412  |l 0  |o snkČSC 3143/16/2013  |p 17A0871103  |r 2026-02-21 20:52:08  |w 2026-02-21  |y PREZ 
952 |0 0  |1 0  |4 0  |7 0  |8 0  |a SNK  |b SNK  |d 2015-01-19  |i snk2015/1414  |l 0  |o snkČSC 3143/16/2013 D1  |p 17A0871106  |r 2026-02-21 20:52:08  |w 2026-02-21  |y PREZ 
952 |0 0  |1 0  |4 0  |7 0  |8 0  |a SNK  |b SNK  |d 2015-01-19  |f 1  |i snk2015/1418  |l 0  |o snkČSC 3143/17/2014  |p 17A1045888  |r 2026-02-21 20:52:08  |w 2026-02-21  |y PREZ 
952 |0 0  |1 0  |4 0  |7 0  |8 0  |a SNK  |b SNK  |d 2015-01-19  |i snk2015/1427  |l 0  |o snkČSC 3143/17/2014 D1  |p 17A0871105  |r 2026-02-21 20:52:08  |w 2026-02-21  |y PREZ 
952 |0 0  |1 0  |4 0  |7 0  |a SNK  |b SNK  |d 2001-06-13  |f 1  |i snkKSP 7268/2001  |l 0  |o snkČSC 3143/4/2000  |p 17A0303909  |r 2005-01-02 00:00:00  |w 2026-02-21  |y PREZ 
952 |0 0  |1 0  |4 0  |7 0  |a SNK  |b SNK  |d 1996-09-25  |f 1  |i snkKSP 8010/96  |l 0  |o snkČSC 3143/2/1995  |p 17A0031475  |r 2005-01-01 00:00:00  |w 2026-02-21  |y PREZ 
952 |0 0  |1 0  |4 0  |7 0  |a SNK  |b SNK  |d 1996-09-25  |i snkKSP 8011/96  |l 0  |o snkČSC 3143/2/1995 D1  |p 17A0011612  |r 2005-01-01 00:00:00  |w 2026-02-21  |y PREZ 
952 |0 0  |1 0  |4 0  |7 0  |8 0  |a SNK  |b SNK  |d 2005-08-02  |f 1  |i snk2005/13558  |l 0  |o snkČSC 3143/7/2004  |p 17A0446344  |r 2026-02-21 21:20:23  |w 2026-02-21  |y PREZ 
952 |0 0  |1 0  |4 0  |7 0  |8 0  |a SNK  |b SNK  |d 2005-08-02  |i snk2005/13559  |l 0  |o snkČSC 3143/7/2004 D1  |p 17A0446345  |r 2026-02-21 21:20:23  |w 2026-02-21  |y PREZ 
952 |0 0  |1 0  |4 0  |7 0  |8 0  |a SNK  |b SNK  |d 2013-02-12  |f 1  |i snk2013/3397  |l 0  |o snkČSC 3143/15/2012  |p 17A0866593  |r 2026-02-21 21:30:51  |w 2026-02-21  |y PREZ 
952 |0 0  |1 0  |4 0  |7 0  |8 0  |a SNK  |b SNK  |d 2013-02-12  |i snk2013/3398  |l 0  |o snkČSC 3143/15/2012 D1  |p 17A0866594  |r 2026-02-21 21:30:51  |w 2026-02-21  |y PREZ 
952 |0 0  |1 0  |4 0  |7 0  |a SNK  |b SNK  |d 1999-12-01  |i snkKSP 11867/99  |l 0  |o snkČSC 3143/3/1998 D1  |p 17A0219613  |r 2005-01-02 00:00:00  |w 2026-02-21  |y PREZ 
952 |0 0  |1 0  |4 0  |7 0  |8 0  |a SNK  |b SNK  |d 2009-07-01  |f 1  |i snk2009/12150  |l 0  |o snkČSC 3143/11/2008  |p 17A0609531  |r 2026-02-21 21:41:14  |w 2026-02-21  |y PREZ 
952 |0 0  |1 0  |4 0  |7 0  |8 0  |a SNK  |b SNK  |d 2009-07-01  |i snk2009/12151  |l 0  |o snkČSC 3143/11/2008 D1  |p 17A0609532  |r 2026-02-21 21:41:14  |w 2026-02-21  |y PREZ 
952 |0 0  |1 0  |4 0  |7 0  |8 0  |a SNK  |b SNK  |d 2011-02-02  |f 1  |i snk2011/2550  |l 0  |o snkČSC 3143/13/2010/1  |p 17A0672849  |r 2026-02-21 21:41:50  |w 2026-02-21  |y PREZ 
952 |0 0  |1 0  |4 0  |7 0  |8 0  |a SNK  |b SNK  |d 2011-02-02  |i snk2011/2551  |l 0  |o snkČSC 3143/13/2010/1 D1  |p 17A0672850  |r 2026-02-21 21:41:50  |w 2026-02-21  |y PREZ 
952 |0 0  |1 0  |4 0  |7 0  |8 0  |a SNK  |b SNK  |d 2011-02-02  |f 1  |i snk2011/2552  |l 0  |o snkČSC 3143/13/2010/2  |p 17A0672851  |r 2026-02-21 21:41:50  |w 2026-02-21  |y PREZ 
952 |0 0  |1 0  |4 0  |7 0  |8 0  |a SNK  |b SNK  |d 2011-02-02  |i snk2011/2553  |l 0  |o snkČSC 3143/13/2010/2 D1  |p 17A0672852  |r 2026-02-21 21:41:50  |w 2026-02-21  |y PREZ